<?xml version="1.0" encoding="UTF-8"?>
<record
    xmlns:xsi="http://www.w3.org/2001/XMLSchema-instance"
    xsi:schemaLocation="http://www.loc.gov/MARC21/slim http://www.loc.gov/standards/marcxml/schema/MARC21slim.xsd"
    xmlns="http://www.loc.gov/MARC21/slim">

  <leader>01271nam a22002897a 4500</leader>
  <controlfield tag="001">79583</controlfield>
  <controlfield tag="003">BD-RjUL</controlfield>
  <controlfield tag="005">20220623152555.0</controlfield>
  <controlfield tag="008">220321s2006    bg a|||| m||| 00| 0 eng d</controlfield>
  <datafield tag="035" ind1=" " ind2=" ">
    <subfield code="a">(BD-RjUL)79583</subfield>
  </datafield>
  <datafield tag="040" ind1=" " ind2=" ">
    <subfield code="a">BD-RjUL</subfield>
    <subfield code="b">eng</subfield>
    <subfield code="c">BD-RjUL</subfield>
    <subfield code="d">BD-RjUL</subfield>
  </datafield>
  <datafield tag="041" ind1=" " ind2=" ">
    <subfield code="a">eng</subfield>
  </datafield>
  <datafield tag="082" ind1=" " ind2=" ">
    <subfield code="2">23</subfield>
    <subfield code="a">343.0999</subfield>
    <subfield code="b">AHG 2006</subfield>
  </datafield>
  <datafield tag="100" ind1=" " ind2=" ">
    <subfield code="a">Ahmed. Zulfiquar</subfield>
    <subfield code="9">1931</subfield>
  </datafield>
  <datafield tag="245" ind1="1" ind2="0">
    <subfield code="a">Growth of Computer Network and Internet Uses in Bangladesh :</subfield>
    <subfield code="b">Cyber Law related challenges and responses /</subfield>
    <subfield code="c">Zulfiquar  Ahmed ;</subfield>
    <subfield code="6">Principal Supervisor: A. B. Siddique ; Co-Supervisor : M. Abdus Sobhan</subfield>
  </datafield>
  <datafield tag="260" ind1=" " ind2=" ">
    <subfield code="a">Rajshahi :</subfield>
    <subfield code="b">Institute of Bangladesh Studies (IBS), Rajshahi University,</subfield>
    <subfield code="c">2006</subfield>
  </datafield>
  <datafield tag="300" ind1=" " ind2=" ">
    <subfield code="a">xxii, 326 leaves :</subfield>
    <subfield code="b">ill, ;</subfield>
    <subfield code="c">20.cm.</subfield>
  </datafield>
  <datafield tag="502" ind1=" " ind2=" ">
    <subfield code="a">Thesis (Ph. D.) -- Institute of Bangladesh Studies IBS), Rajshahi University, 2006</subfield>
  </datafield>
  <datafield tag="504" ind1=" " ind2=" ">
    <subfield code="a">Includes Bibliography at the end of the Thesis.</subfield>
  </datafield>
  <datafield tag="600" ind1=" " ind2=" ">
    <subfield code="x"> 	              . </subfield>
  </datafield>
  <datafield tag="650" ind1=" " ind2=" ">
    <subfield code="a">Computer networks </subfield>
    <subfield code="x">Law and legislation </subfield>
    <subfield code="z">Bangladesh</subfield>
    <subfield code="9">3850</subfield>
  </datafield>
  <datafield tag="650" ind1=" " ind2=" ">
    <subfield code="a"> Internet </subfield>
    <subfield code="x">Law and legislation </subfield>
    <subfield code="z">Bangladesh.</subfield>
    <subfield code="9">3851</subfield>
  </datafield>
  <datafield tag="650" ind1=" " ind2=" ">
    <subfield code="a"> Electronic commerce </subfield>
    <subfield code="x">Law and legislation </subfield>
    <subfield code="z">Bangladesh</subfield>
    <subfield code="9">3852</subfield>
  </datafield>
  <datafield tag="700" ind1=" " ind2=" ">
    <subfield code="a">Siddique, A. B. , Principal Supervisor </subfield>
    <subfield code="9">1933</subfield>
  </datafield>
  <datafield tag="700" ind1=" " ind2=" ">
    <subfield code="a">Sobhan, M. Abdus, Co-Supervisor</subfield>
    <subfield code="9">1934</subfield>
  </datafield>
  <datafield tag="942" ind1=" " ind2=" ">
    <subfield code="2">ddc</subfield>
    <subfield code="c">THE</subfield>
  </datafield>
  <datafield tag="999" ind1=" " ind2=" ">
    <subfield code="c">79583</subfield>
    <subfield code="d">79583</subfield>
  </datafield>
  <datafield tag="952" ind1=" " ind2=" ">
    <subfield code="1">0</subfield>
    <subfield code="2">ddc</subfield>
    <subfield code="4">0</subfield>
    <subfield code="7">1</subfield>
    <subfield code="8">THESES</subfield>
    <subfield code="a">RUCL</subfield>
    <subfield code="b">RUCL</subfield>
    <subfield code="c">Doc/The</subfield>
    <subfield code="d">2007-11-14</subfield>
    <subfield code="e">Controller of Exam. R.U</subfield>
    <subfield code="o">THE 343.0999 AHG 2006</subfield>
    <subfield code="p">D2640</subfield>
    <subfield code="r">2022-03-21 00:00:00</subfield>
    <subfield code="t">C-1</subfield>
    <subfield code="y">THE</subfield>
  </datafield>
</record>
